[Event "Live Chess"]
[Site "Chess.com"]
[Date "2020.05.01"]
[Round "8"]
[White "Nadin, Corinne"]
[Black "Szigetvari, Andre"]
[Result "0-1"]
[WhiteElo "1231"]
[BlackElo "1334"]
[WhiteCountry "bel"]
[BlackCountry "bel"]

1. d4 d5 2. c4 c6 3. Nf3 Nf6 4. Nc3 e6 5. Bg5 Be7 6. e3 Nbd7 7. cxd5 exd5 8. 
Bd3 O-O 9. O-O Re8 10. Re1 h6 11. Bh4 Nh7 12. Bxe7 Qxe7 13. Qc2 Nhf6 14. Rac1 
Qd6 15. h3 Ne4 16. Nxe4 dxe4 17. Bxe4 Nf6 18. Bd3 g5 19. Bf5 Kg7 20. e4 Bxf5 
21. exf5 Nd5 22. g3 f6 23. Re2 Qd7 24. Rce1 Rxe2 25. Rxe2 Re8 26. Rxe8 Qxe8 
27. Qd1 Qd7 28. g4 Qe7 29. Qe1 Kf7 30. Qxe7+ Kxe7 31. Kf1 Nf4 32. Ng1 Kd6 33. 
f3 Kd5 34. Kf2 Kxd4 35. Ne2+ Nxe2 36. Kxe2 c5 37. Kd2 b5 38. a3 c4 39. Ke2 
a5 40. Kd2 b4 41. axb4 axb4 42. Kd1 Kd3 43. Kc1 Ke3 44. Kc2 Kxf3 45. b3 c3 
46. Kd3 Kg3 47. Kc2 Kxh3 0-1

[Event "Live Chess"]
[Site "Chess.com"]
[Date "2020.05.01"]
[Round "7"]
[White "Pitz, Luc"]
[Black "Morgenthal, Renaud"]
[Result "0-1"]
[WhiteElo "1264"]
[BlackElo "1253"]
[WhiteCountry "bel"]
[BlackCountry "bel"]

1. e4 e6 2. f4 d5 3. e5 c5 4. Bb5+ Nc6 5. d4 Qb6 6. Bxc6+ bxc6 7. c3 Ba6 8. 
Nf3 cxd4 9. Qxd4 Bc5 10. Qd2 Nh6 11. Nd4 Bxd4 12. Qxd4 Qxd4 13. cxd4 Nf5 14. 
Nc3 Nxd4 15. Rb1 Bd3 16. Be3 Nf5 17. Bc5 Bxb1 18. Nxb1 Kd7 19. Ke2 Rab8 20. 
b3 a6 21. g4 Ne7 22. Nc3 Rb7 23. Na4 Nc8 24. Rg1 g6 25. h4 Kc7 26. h5 Na7 27. 
h6 Nb5 28. g5 d4 29. Kd3 Rd8 30. Bb4 Rd5 31. Nc5 Rb6 32. Ne4 Nc3 33. Ba5 Rxa5 
34. Nf6 Rxa2 35. Nxh7 Rxb3 36. Nf6 Ne2+ 37. Ke4 Nxg1 38. h7 Rb8 39. Kxd4 a5 
40. Ng8 Rh2 41. Nh6 Rh8 42. Nxf7 R8xh7 43. Nd6 a4 0-1

[Event "Live Chess"]
[Site "Chess.com"]
[Date "2020.05.01"]
[Round "8"]
[White "Morgenthal, Renaud"]
[Black "Pitz, Luc"]
[Result "1/2-1/2"]
[WhiteElo "1244"]
[BlackElo "1273"]
[WhiteCountry "bel"]
[BlackCountry "bel"]

1. e4 c5 2. d4 cxd4 3. c3 d3 4. Bxd3 Nc6 5. Nf3 d6 6. c4 g6 7. O-O Bg7 8. Nc3 
Ne5 9. Nxe5 Bxe5 10. Nd5 Bg7 11. f4 Nf6 12. Nxf6+ Bxf6 13. Rb1 O-O 14. f5 Qa5 
15. a3 Bd7 16. Kh1 Rac8 17. Bd2 Qc7 18. Bh6 Rfe8 19. b3 Be5 20. Bf4 Bxf4 21. 
Rxf4 d5 22. Qf3 dxe4 23. Bxe4 Rf8 24. Rf1 e5 25. Rg4 Bc6 26. fxg6 fxg6 27. 
Qe2 Rxf1+ 28. Qxf1 Bxe4 29. Rxe4 Rf8 30. Qe1 Qf7 31. Kg1 Qe7 32. Rxe5 Qxa3 
33. Re3 Qc5 34. Kh1 Qf5 35. Rf3 Qc8 36. Rxf8+ Qxf8 37. Qe6+ Qf7 38. Qxf7+ Kxf7 
39. Kg1 Ke6 40. Kf2 Ke5 41. Ke3 h6 42. g3 g5 43. h3 h5 44. g4 h4 45. b4 b5 
46. cxb5 Kd5 47. Kd3 Ke5 48. Ke3 Kd5 49. Kd3 Ke5 1/2-1/2

[Event "Live Chess"]
[Site "Chess.com"]
[Date "2020.05.03"]
[Round "9"]
[White "Szigetvari, Andre"]
[Black "Morgenthal, Renaud"]
[Result "1-0"]
[WhiteElo "1338"]
[BlackElo "1217"]
[WhiteCountry "bel"]
[BlackCountry "bel"]

1. e4 e6 2. d4 d5 3. exd5 exd5 4. Bd3 Nf6 5. Nf3 Bg4 6. O-O Nbd7 7. Bg5 Be7 
8. Re1 O-O 9. Nbd2 Re8 10. c3 h6 11. Bh4 c6 12. h3 Be6 13. Qc2 Qb6 14. Re2 
Rac8 15. Rae1 c5 16. Ne5 cxd4 17. Nxd7 Nxd7 18. Bxe7 Rxe7 19. Bf5 dxc3 20. 
bxc3 Rce8 21. Bxe6 Rxe6 22. Nf3 Nf6 23. Nd4 Re3 24. fxe3 1-0

[Event "Live Chess"]
[Site "Chess.com"]
[Date "2020.05.03"]
[Round "10"]
[White "Morgenthal, Renaud"]
[Black "Szigetvari, Andre"]
[Result "1-0"]
[WhiteElo "1228"]
[BlackElo "1327"]
[WhiteCountry "bel"]
[BlackCountry "bel"]

1. e4 c5 2. d4 c4 3. Bxc4 d6 4. Nf3 Nc6 5. O-O e6 6. d5 Na5 7. Bb5+ Bd7 8. 
Qd3 Qb6 9. Bxd7+ Kxd7 10. Be3 Qxb2 11. dxe6+ fxe6 12. Bd4 Qb4 13. Ne5+ dxe5 
14. Bxe5+ Ke8 15. Nc3 Nc6 16. Bc7 Nf6 17. Rfd1 Rc8 18. Nb5 Qxe4 19. Nd6+ Bxd6 
20. Qxd6 Nd5 21. Re1 Qd4 22. Rxe6+ Kf7 23. Qd7+ Nce7 24. Rxe7+ Nxe7 25. Qxd4 
Rxc7 26. Re1 Nc6 27. Qf4+ Kg8 28. Qxc7 1-0

[Event "Live Chess"]
[Site "Chess.com"]
[Date "2020.05.03"]
[Round "9"]
[White "Pitz, Luc"]
[Black "Marchal, Georges"]
[Result "0-1"]
[WhiteElo "1290"]
[BlackElo "1221"]
[WhiteCountry "bel"]
[BlackCountry "bel"]

1. f4 d5 2. Nf3 Nf6 3. e3 Nc6 4. Be2 Bf5 5. O-O Qd6 6. d3 e6 7. Nc3 a6 8. Nh4 
Bg6 9. f5 exf5 10. Nxf5 Bxf5 11. Rxf5 O-O-O 12. Qf1 d4 13. Ne4 Nxe4 14. dxe4 
f6 15. Rd5 Qe6 16. Rxd8+ Nxd8 17. Qf2 Qxe4 18. exd4 Kb8 19. c3 Bd6 20. Bf3 
Qg6 21. Bd2 Ne6 22. Re1 Ng5 23. h3 Nxh3+ 24. Kf1 Nxf2 25. Kxf2 Re8 26. Be3 
Qc2+ 27. Be2 Qxb2 28. Bf4 0-1

[Event "Live Chess"]
[Site "Chess.com"]
[Date "2020.05.03"]
[Round "10"]
[White "Marchal, Georges"]
[Black "Pitz, Luc"]
[Result "0-1"]
[WhiteElo "1215"]
[BlackElo "1296"]
[WhiteCountry "bel"]
[BlackCountry "bel"]

1. d4 f5 2. e4 fxe4 3. Nc3 Nf6 4. f3 c6 5. fxe4 d5 6. Bd3 Bg4 7. Nf3 dxe4 8. 
Nxe4 Nxe4 9. Bxe4 e6 10. c3 Bd6 11. Bg5 Bxf3 12. Bxd8 Bxd1 13. Rxd1 Kxd8 14. 
O-O Ke7 15. Rf3 Nd7 16. Rdf1 Nf6 17. Bd3 Raf8 18. c4 g6 19. c5 Bc7 20. b4 Ng4 
21. Rxf8 Rxf8 22. Rxf8 Kxf8 23. Be2 Ne3 24. Kf2 Nd5 25. Bc4 Ke7 26. Bxd5 exd5 
27. a4 Bf4 28. b5 Bc1 29. Ke2 Kf6 30. bxc6 bxc6 31. Kd3 Kf5 32. Ke2 Ke4 0-1

[Event "Live Chess"]
[Site "Chess.com"]
[Date "2020.05.03"]
[Round "9"]
[White "Hubert, Rene"]
[Black "Dans, Guy"]
[Result "0-1"]
[WhiteElo "1306"]
[BlackElo "1104"]
[WhiteCountry "bel"]
[BlackCountry "bel"]

1. e4 c5 2. c3 d5 3. exd5 Qxd5 4. d4 e6 5. Nf3 f6 6. Be2 Nc6 7. dxc5 Qxd1+ 
8. Bxd1 Bxc5 9. O-O Nge7 10. b4 Bb6 11. a4 Bc7 12. Be3 O-O 13. Na3 a6 14. Be2 
Bd7 15. b5 axb5 16. Nxb5 Ba5 17. c4 Nb4 18. Nd6 b6 19. Rad1 Bxa4 20. Rd2 Nc2 
21. Bf4 Bxd2 22. Bxd2 Rfd8 23. Ne4 Nd4 24. Be3 Nxe2+ 25. Kh1 Rd7 26. Bxb6 Bc6 
27. Nc5 Rda7 28. Bxa7 Rxa7 29. Nxe6 Bxf3 30. gxf3 Nc3 31. Re1 Kf7 32. Nd4 Ng6 
33. Nc6 Rc7 34. Na5 Rc5 35. Rc1 Ne2 36. Rc2 Nef4 37. Nb3 Re5 38. c5 Re1# 0-1

[Event "Live Chess"]
[Site "Chess.com"]
[Date "2020.05.03"]
[White "Dans, Guy"]
[Black "Hubert, Rene"]
[Result "1-0"]
[WhiteElo "1178"]
[BlackElo "1294"]
[Round "10"]
[WhiteCountry "bel"]
[BlackCountry "bel"]

1. e4 c6 2. f4 d5 3. exd5 cxd5 4. d3 e6 5. Nf3 Nf6 6. Be2 Be7 7. O-O a6 8. 
Nc3 b5 9. a3 Nbd7 10. Re1 O-O 11. Be3 Bb7 12. Nd4 Rc8 13. Bf3 b4 14. axb4 Bxb4 
15. Bd2 Re8 16. Ra4 a5 17. Ndb5 Nb6 18. Ra1 Qd7 19. Nd4 Rc7 20. Ncb5 Bxd2 21. 
Qxd2 Rcc8 22. Qxa5 Na8 23. c3 Nc7 24. Nxc7 Qxc7 25. Qxc7 Rxc7 26. Nb5 Rd7 27. 
Ra7 Bc8 28. Rxd7 Nxd7 29. Nd4 Nc5 30. Be2 Ba6 31. c4 dxc4 32. dxc4 e5 33. fxe5 
Rxe5 34. Kf2 Ne4+ 35. Kf3 1-0

[Event "Live Chess"]
[Site "Chess.com"]
[Date "2020.05.03"]
[Round "9"]
[White "Sauvage, Eric"]
[Black "Nadin, Corinne"]
[Result "1-0"]
[WhiteElo "2048"]
[BlackElo "1229"]
[WhiteCountry "bel"]
[BlackCountry "bel"]

1. e4 c6 2. d4 d5 3. c4 dxe4 4. f3 exf3 5. Nxf3 Bg4 6. Be3 e6 7. Bd3 Bd6 8. 
O-O Ne7 9. Nbd2 O-O 10. Qe1 Nd7 11. Qh4 Bxf3 12. Qxh7# 1-0

[Event "Live Chess"]
[Site "Chess.com"]
[Date "2020.05.03"]
[Round "10"]
[White "Nadin, Corinne"]
[Black "Sauvage, Eric"]
[Result "0-1"]
[WhiteElo "1229"]
[BlackElo "2048"]
[WhiteCountry "bel"]
[BlackCountry "bel"]

1. d4 e6 2. c4 d5 3. cxd5 exd5 4. Nc3 c6 5. Nf3 Bf5 6. Bf4 Bd6 7. Bxd6 Qxd6 
8. e3 Nd7 9. Bd3 Bxd3 10. Qxd3 Ngf6 11. O-O O-O 12. Rac1 Rfe8 13. h3 Ne4 14. 
Rfe1 f5 15. Nd2 Ndf6 16. Ncxe4 fxe4 17. Qe2 Rf8 18. f3 exf3 19. Nxf3 Rae8 20. 
Qd3 Ne4 21. Nd2 Nf2 22. Qe2 Qg3 23. Nf3 Nxh3+ 24. Kf1 Ng5 25. Qf2 Qg4 26. Ke2 
Ne6 27. Kd2 Qe4 28. Qh4 Qxh4 29. Nxh4 Rf2+ 30. Re2 Rxe2+ 31. Kxe2 Nxd4+ 32. 
Kd3 Ne6 33. Rh1 Nc5+ 34. Kd2 Rf8 35. Ke2 Ne4 36. Nf3 Ng3+ 0-1

[Event "Live Chess"]
[Site "Chess.com"]
[Date "2020.05.05"]
[White "Dans, Guy"]
[Black "Marchal, Georges"]
[Result "0-1"]
[WhiteElo "1123"]
[BlackElo "1222"]
[Round "11"]
[WhiteCountry "bel"]
[BlackCountry "bel"]

1. e4 e5 2. Nf3 Nc6 3. Bb5 Nf6 4. O-O a6 5. Ba4 b5 6. Bb3 Be7 7. Re1 O-O 8. 
d4 exd4 9. Nxd4 Bb7 10. Nd2 Na5 11. e5 Nxb3 12. axb3 Nd5 13. c4 Nb6 14. N2f3 
d5 15. cxb5 axb5 16. Rxa8 Bxa8 17. Nxb5 Qd7 18. Nbd4 c5 19. Nc2 d4 20. Qd3 
Qg4 21. e6 Bxf3 22. Qxf3 Qxf3 23. gxf3 Nd5 24. Re5 Nf4 25. exf7+ Rxf7 26. Rxc5 
Bxc5 27. Bxf4 Rxf4 28. Kg2 d3 29. Ne3 Bxe3 30. fxe3 Rb4 31. Kf2 Rxb3 32. Ke1 
Rxb2 33. e4 Rxh2 34. f4 Kf7 35. e5 Ke6 36. Kd1 Rh4 37. Kd2 Rxf4 38. Kxd3 Kxe5 
39. Ke3 h5 0-1

[Event "Live Chess"]
[Site "Chess.com"]
[Date "2020.05.05"]
[White "Marchal, Georges"]
[Black "Dans, Guy"]
[Result "1-0"]
[WhiteElo "1228"]
[BlackElo "1097"]
[Round "12"]
[WhiteCountry "bel"]
[BlackCountry "bel"]

1. d4 Nf6 2. Nc3 d5 3. e4 e6 4. Bg5 Be7 5. Nf3 Nxe4 6. Bxe7 Qxe7 7. Nxe4 dxe4 
8. Nd2 Nc6 9. Nxe4 O-O 10. c3 Rd8 11. Bd3 f5 12. Ng3 Qg5 13. O-O f4 14. Ne4 
Qd5 15. Qg4 e5 16. Nf6+ 1-0

[Event "Live Chess"]
[Site "Chess.com"]
[Date "2020.05.05"]
[White "Hubert, Rene"]
[Black "Nadin, Corinne"]
[Result "1-0"]
[WhiteElo "1241"]
[BlackElo "1221"]
[Round "11"]
[WhiteCountry "bel"]
[BlackCountry "bel"]

1. e4 c6 2. d4 d5 3. e5 Bf5 4. Nf3 e6 5. Bd3 Bxd3 6. Qxd3 Nd7 7. O-O c5 8. 
c3 c4 9. Qe2 Ne7 10. Bg5 g6 11. Qe3 Bg7 12. h3 Qb6 13. Qd2 O-O-O 14. Bxe7 Rde8 
15. Bg5 f6 16. Bh6 Bxh6 17. Qxh6 fxe5 18. Nxe5 Nxe5 19. dxe5 Qxb2 20. Nd2 Qxc3 
21. Nf3 Ref8 22. Qe3 Qa5 23. Nd4 Qc7 24. Nxe6 Qf7 25. Nxf8 Rxf8 26. Qxa7 g5 
27. Rab1 Qc7 28. Rb4 Rf7 29. Qa4 Qxe5 30. Qb5 Qc7 31. Qe8+ 1-0

[Event "Live Chess"]
[Site "Chess.com"]
[Date "2020.05.05"]
[White "Nadin, Corinne"]
[Black "Hubert, Rene"]
[Result "1-0"]
[WhiteElo "1229"]
[BlackElo "1233"]
[Round "12"]
[WhiteCountry "bel"]
[BlackCountry "bel"]

1. d4 Nf6 2. c4 g6 3. Nf3 c5 4. e3 Bg7 5. b4 cxb4 6. Bb2 O-O 7. Qa4 a5 8. Bd3 
b6 9. O-O Bb7 10. Nbd2 d6 11. Rac1 Bc6 12. Qc2 Qd7 13. d5 Bb7 14. Bd4 Qc7 15. 
Ne4 Nxe4 16. Bxe4 Bxd4 17. Nxd4 Nd7 18. Nb5 Qb8 19. f4 Ba6 20. f5 Bxb5 21. 
cxb5 Qc8 22. Qd3 Qd8 23. fxg6 fxg6 24. Rxf8+ Qxf8 25. Rf1 Qg7 26. h4 Nc5 27. 
Qb1 Rf8 28. Bc2 Rxf1+ 29. Qxf1 Qc3 30. Qe2 Qc4 31. Qxc4 1-0

[Event "Live Chess"]
[Site "Chess.com"]
[Date "2020.05.05"]
[White "Szigetvari, Andre"]
[Black "Pitz, Luc"]
[Result "1/2-1/2"]
[WhiteElo "1326"]
[BlackElo "1273"]
[Round "11"]
[WhiteCountry "bel"]
[BlackCountry "bel"]

1. e4 e5 2. f4 exf4 3. Nf3 Be7 4. Bc4 Bh4+ 5. Kf1 d6 6. d4 Bg4 7. Bxf4 Bxf3 
8. Qxf3 Qf6 9. c3 Ne7 10. Nd2 O-O 11. Ke2 Nd7 12. Qg4 Nb6 13. Bd3 Ng6 14. Be3 
Qe7 15. Raf1 Bf6 16. g3 Qe6 17. Qxe6 fxe6 18. h4 Na4 19. Bb1 Rf7 20. Kd3 Raf8 
21. b3 Nb6 22. Ke2 Nd7 23. Rf2 c5 24. Rhf1 cxd4 25. cxd4 e5 26. d5 h5 27. Bd3 
b6 28. Nc4 Be7 29. b4 Rxf2+ 30. Rxf2 Rxf2+ 31. Bxf2 Nb8 32. a3 Na6 33. Nb2 
Nc7 34. Be3 Nf8 35. Bc4 g6 36. Bb3 Nh7 37. Kd3 Nf6 38. Bd1 Kg7 39. Nc4 Bf8 
40. Bg5 Kf7 41. a4 Kg7 42. Bc2 Kf7 43. Kc3 Kg7 44. Kd3 Kf7 45. Ke3 Kg7 46. 
Kd3 1/2-1/2

[Event "Live Chess"]
[Site "Chess.com"]
[Date "2020.05.05"]
[White "Pitz, Luc"]
[Black "Szigetvari, Andre"]
[Result "0-1"]
[WhiteElo "1266"]
[BlackElo "1333"]
[Round "12"]
[WhiteCountry "bel"]
[BlackCountry "bel"]

1. e4 c5 2. Nc3 d6 3. f4 e6 4. Nf3 a6 5. Bc4 Nc6 6. O-O b5 7. Be2 Qc7 8. d3 
Nf6 9. Qe1 Be7 10. Ng5 O-O 11. f5 exf5 12. exf5 Nd4 13. Qd2 Bxf5 14. Nge4 Nxe2+ 
15. Qxe2 Nxe4 16. Nxe4 Bxe4 17. Qxe4 Rfe8 18. Qg4 Bf8 19. Bf4 Re6 20. Rf2 Rae8 
21. Raf1 Re1 22. Qg3 Rxf1+ 23. Rxf1 Qe7 24. h3 Qd7 25. c3 d5 26. Qf3 c4 27. 
d4 Re4 28. Be5 Qe6 29. Kh2 Be7 30. Kg1 f6 31. Bf4 Bd6 32. Bxd6 Qxd6 33. Qf5 
Qe6 34. Qxe6+ Rxe6 35. Rf2 Kf7 36. Kh2 g6 37. Kg3 Kg7 38. h4 f5 39. Kf4 h6 
40. g4 Re4+ 41. Kg3 Rxg4+ 42. Kh3 Re4 43. Kg3 Kf6 44. Kh3 g5 45. hxg5+ hxg5 
46. Rg2 Rh4+ 47. Kg3 Rg4+ 48. Kh3 Rxg2 49. Kxg2 f4 50. Kf3 Kf5 51. b3 g4+ 0-1

[Event "Live Chess"]
[Site "Chess.com"]
[Date "2020.05.06"]
[White "Sauvage, Eric"]
[Black "Morgenthal, Renaud"]
[Result "1-0"]
[WhiteElo "1976"]
[BlackElo "1249"]
[Round "11"]
[WhiteCountry "bel"]
[BlackCountry "bel"]

1. e4 e6 2. Nf3 d5 3. e5 c5 4. b4 Nc6 5. bxc5 Bxc5 6. d4 Be7 7. c3 a6 8. Bd3 
Qa5 9. O-O b5 10. a4 b4 11. c4 dxc4 12. Bxc4 Bd7 13. d5 Nb8 14. Nbd2 Bc5 15. 
Nb3 Ne7 16. Nxa5 1-0

[Event "Live Chess"]
[Site "Chess.com"]
[Date "2020.05.06"]
[White "Morgenthal, Renaud"]
[Black "Sauvage, Eric"]
[Result "0-1"]
[WhiteElo "1249"]
[BlackElo "1976"]
[Round "12"]
[WhiteCountry "bel"]
[BlackCountry "bel"]

1. e4 c5 2. d4 cxd4 3. c3 dxc3 4. Nxc3 e6 5. Bc4 Ne7 6. Nf3 Ng6 7. O-O Be7 
8. Re1 a6 9. a3 O-O 10. Be3 b5 11. Bb3 Nc6 12. Rc1 Bb7 13. Bc2 Rc8 14. Bb1 
b4 15. axb4 Bxb4 16. Bd2 Na5 17. Na4 Bxd2 18. Qxd2 Rxc1 19. Rxc1 Nb3 20. Qb4 
Nxc1 21. Qxb7 Qc8 22. Qb4 Ne2+ 0-1

[Event "Live Chess"]
[Site "Chess.com"]
[Date "2020.05.08"]
[White "Hubert, Rene"]
[Black "Morgenthal, Renaud"]
[Result "0-1"]
[WhiteElo "1231"]
[BlackElo "1257"]
[Round "13"]
[WhiteCountry "bel"]
[BlackCountry "bel"]

1. e4 e6 2. d3 d5 3. Nd2 c5 4. g3 Nf6 5. Bg2 g6 6. Ngf3 Bg7 7. O-O O-O 8. Re1 
dxe4 9. dxe4 Nc6 10. Qe2 a6 11. Nb3 b6 12. Bg5 Rb8 13. e5 Bb7 14. exf6 Bxf6 
15. Bxf6 Qxf6 16. c3 Rfd8 17. Nfd2 Qe7 18. Nc4 b5 19. Nca5 Nxa5 20. Nxa5 Bxg2 
21. Nc6 Bxc6 22. Red1 f5 23. Rd2 Rxd2 24. Qxd2 Rd8 25. Qe2 Qd6 26. Re1 Re8 
27. Rd1 Qe7 28. Qe3 Bd5 29. b3 Rd8 30. Qe5 Qd6 31. Qf6 Qf8 32. Qe5 Qe7 33. 
h4 Bf3 34. Re1 Bd5 35. Rd1 Kf7 36. Kh2 Bf3 37. Re1 Rd5 38. Qf4 Rd1 39. Rxe6 
Rh1# 0-1

[Event "Live Chess"]
[Site "Chess.com"]
[Date "2020.05.08"]
[White "Morgenthal, Renaud"]
[Black "Hubert, Rene"]
[Result "0-1"]
[WhiteElo "1257"]
[BlackElo "1231"]
[Round "14"]
[WhiteCountry "bel"]
[BlackCountry "bel"]

1. e4 c6 2. Qe2 d5 3. e5 Bf5 4. f4 e6 5. d3 h6 6. g4 Bh7 7. Nf3 Ne7 8. Nc3 
Ng6 9. Be3 Nh4 10. O-O-O Nxf3 11. Qxf3 d4 12. Bxd4 Qxd4 13. f5 exf5 14. gxf5 
Bc5 15. Re1 Qf2 16. Qe4 Qd4 17. Qf3 O-O 18. f6 Nd7 19. fxg7 Rfe8 20. Ne4 Bxe4 
21. Rxe4 Qf2 22. Qh5 Be3+ 23. Kb1 Qe1+ 0-1

[Event "Live Chess"]
[Site "Chess.com"]
[Date "2020.05.08"]
[White "Sauvage, Eric"]
[Black "Pitz, Luc"]
[Result "1-0"]
[WhiteElo "2016"]
[BlackElo "1246"]
[Round "13"]
[WhiteCountry "bel"]
[BlackCountry "bel"]

1. e4 e5 2. Nc3 Nc6 3. f4 exf4 4. Nf3 Be7 5. Bc4 d6 6. O-O Nf6 7. d4 O-O 8. 
Bxf4 Bg4 9. Be2 Nh5 10. Qd2 Nxf4 11. Qxf4 Bxf3 12. Bxf3 Bg5 13. Qg4 h6 14. 
Rad1 Nb4 15. e5 Nxc2 16. h4 Ne3 17. Qe4 Nxf1 18. Kxf1 Bxh4 19. exd6 Qxd6 20. 
Qxh4 Rfd8 21. Kg1 Qb4 22. Nd5 Kf8 23. Nxb4 1-0

[Event "Live Chess"]
[Site "Chess.com"]
[Date "2020.05.08"]
[White "Pitz, Luc"]
[Black "Sauvage, Eric"]
[Result "0-1"]
[WhiteElo "1246"]
[BlackElo "2016"]
[Round "14"]
[WhiteCountry "bel"]
[BlackCountry "bel"]

1. e4 c5 2. Nc3 d6 3. f4 g6 4. Nf3 Bg7 5. Bc4 Nc6 6. O-O Nf6 7. Ng5 O-O 8. 
Qe1 Nd4 9. Bd3 c4 10. f5 cxd3 11. fxg6 fxg6 12. Qh4 h6 13. Nf3 Nxc2 14. Rb1 
e5 15. Ne1 Nxe1 16. Rxe1 Nh5 0-1

[Event "Live Chess"]
[Site "Chess.com"]
[Date "2020.05.08"]
[White "Szigetvari, Andre"]
[Black "Marchal, Georges"]
[Result "0-1"]
[WhiteElo "1340"]
[BlackElo "1218"]
[Round "13"]
[WhiteCountry "bel"]
[BlackCountry "bel"]

1. d4 Nf6 2. Bf4 c5 3. e3 Qb6 4. b3 cxd4 5. Qxd4 Qxd4 6. exd4 Nc6 7. Nf3 Nb4 
8. Na3 e6 9. c3 Nbd5 10. Bc1 Nxc3 11. Bd3 Be7 12. O-O O-O 13. Nc4 b5 14. Ne3 
Bb7 15. Bxb5 Nxb5 0-1

[Event "Live Chess"]
[Site "Chess.com"]
[Date "2020.05.08"]
[White "Dans, Guy"]
[Black "Nadin, Corinne"]
[Result "0-1"]
[WhiteElo "1004"]
[BlackElo "1225"]
[Round "13"]
[WhiteCountry "bel"]
[BlackCountry "bel"]

1. e4 c6 2. d3 d5 3. exd5 cxd5 4. Nf3 Nf6 5. Be2 Nc6 6. O-O Bg4 7. Bg5 e6 8. 
Nc3 Be7 9. d4 O-O 10. Bxf6 Bxf6 11. h3 Bxf3 12. Bxf3 Nxd4 13. Qd3 Rc8 14. Rac1 
Qc7 15. Ne2 Nxf3+ 16. Qxf3 Bxb2 17. Rb1 Qxc2 18. Nf4 b6 19. Nd3 Bf6 20. Rfc1 
Qxa2 21. Nb4 Qd2 22. Nd3 Rxc1+ 23. Rxc1 Qg5 24. Rc7 a5 25. Qf4 Qxf4 26. Nxf4 
Be5 0-1

[Event "Live Chess"]
[Site "Chess.com"]
[Date "2020.05.08"]
[White "Nadin, Corinne"]
[Black "Dans, Guy"]
[Result "1-0"]
[WhiteElo "1229"]
[BlackElo "992"]
[Round "14"]
[WhiteCountry "bel"]
[BlackCountry "bel"]

1. d4 Nf6 2. c4 d5 3. cxd5 Nxd5 4. e4 Nb6 5. Nc3 e6 6. Nf3 Bb4 7. a3 Bxc3+ 
8. bxc3 O-O 9. Bd3 Nc6 10. O-O Bd7 11. a4 a5 12. Bg5 f6 13. Bf4 e5 14. dxe5 
fxe5 15. Nxe5 Nxe5 16. Bxe5 Re8 17. Bd4 Bc6 18. Re1 Qh4 19. g3 Qh3 20. Qb3+ 
Kh8 21. Qf7 Qg4 22. e5 Qf3 23. Qxf3 Bxf3 24. c4 Nd7 25. e6 Nf6 26. Bxf6 gxf6 
27. Be4 c6 28. Bxf3 Rad8 29. Bg4 Rd4 30. f3 Kg7 31. Kf2 Kg6 32. c5 1-0